Sports Quiz

Random Sports or NBA Quiz
Score 0/20 Timer 05:00
0 Plays Today
Question Answer Wrong Answers
Is a 7-time All-Star, a 6-time NBA Champion, and is in the Hall of Fame ???
89.7%
???
0%
???
0%
Best teammates with Michael Jordan ???
89.7%
???
0%
???
0%
Spent the majority of his career with the Denver Nuggets ???
89.7%
???
2.6%
???
2.6%
Spent the majority of his career with the Atlanta Hawks ???
87.2%
???
0%
???
0%
Is a 2-time NBA Slam Dunk Contest Champion ???
87.2%
???
0%
???
2.6%
Was known for his good defense; got into the All-Defensive team ten consecutive times ???
84.6%
???
5.1%
???
0%
Is the shortest of these three players ???
76.9%
???
10.3%
???
2.6%
Was born in France ???
76.9%
???
2.6%
???
12.8%
College is Central Arkansas ???
74.4%
???
7.7%
???
10.3%
Played for 3 teams in his career ???
74.4%
???
7.7%
???
5.1%
College is Georgia ???
69.2%
???
7.7%
???
12.8%
College is South Carolina ???
66.7%
???
17.9%
???
7.7%
Is a 9-time All-Star, and is in the Hall of Fame ???
64.1%
???
12.8%
???
17.9%
Averaged 16.1 points, 6.4 rebounds, and 5.2 assists in his career ???
61.5%
???
20.5%
???
7.7%
Averaged 24.8 points, 6.7 rebounds, and 2.5 assists in his career ???
61.5%
???
0%
???
28.2%
Was the top scorer in the 1980s ???
61.5%
???
35.9%
???
0%
Also played for Greek and Italian basketball teams ???
59%
???
2.6%
???
30.8%
Averaged 21.5 points, 5.5 rebounds, and 3.6 assists in his career ???
56.4%
???
25.6%
???
12.8%
Is an 8-time All-Star, and is in the Hall of Fame ???
51.3%
???
20.5%
???
17.9%
Played for four teams in his career ???
35.9%
???
43.6%
???
10.3%
Remove Ads.
Support Sporcle.
Get the best of Sporcle when you Go Orange. This ad-free experience offers more features, more stats, and more fun while also helping to support Sporcle. Thank you for becoming a member.

You're not logged in!

Compare scores with friends on all Sporcle quizzes.
OR
Log In

Sporcle TV

Today on Sporcle TV


Watch our educational content, quiz creation guides, and fun videos on Sporcle TV.

Show Comments

Extras

Top Quizzes Today


Score Distribution

Paid Content

Your Account Isn't Verified!

In order to create a playlist on Sporcle, you need to verify the email address you used during registration. Go to your Sporcle Settings to finish the process.

Report this User

Report this user for behavior that violates our Community Guidelines.

Details: